009900000a22002890004500003001100000008004100011040003900052041000800091082001300099245003100112260009400143300000900237650002600246650001400272650003400286650003300320650002000353650005300373650003100426650004300457650003400500650004400534650003600578650001500614650004600629700002500675LK-CoMWRAF230817t ||||| |||| 00| 0 eng d aLK-CoMWRAFdLK-CoMWRAFeLK-CoMWRAF aeng a410bISM aGuidance and Counsellingb bSLAAED (Sri Lanka Association for the Advancement of Education)aSri Lanka (Colombo 04)c ap.16 a